000 00626nam a2200229Ia 4500
003 OSt
005 20220924143402.0
006 a|||||r|||| 00| 0
007 ta
008 220923b |||||||| |||| 00| 0 urd d
024 _a307968
037 _cTextual
040 _aARTS
_cARTS
_burd
041 _2urd
_aurd
082 _aDelta73y7J63, 168L7
100 _aFarooqi Abu Al - Hasan Zaid
_9215605
245 0 _aHazrat Mujaddid aur un ke naaqdeen
260 _c1977
650 _aSPIRurdALISM
942 _hDelta73y7J63, 168L7
_cTEXL
_2CC
999 _c454267
_d454267